Het land als ruimte voor de wet

Saved in:  
Bibliographic Details
Main Author: Vos, Jacobus Cornelis de 1966- (Author)
Format: Electronic Article
Language:Dutch
Check availability: HBZ Gateway
Interlibrary Loan:Interlibrary Loan for the Fachinformationsdienste (Specialized Information Services in Germany)
Published: 2006
In: Schrift
Year: 2006, Volume: 38, Issue: 4, Pages: 108-111

MARC

LEADER 00000naa a22000002c 4500
001 1905335474
003 DE-627
005 20241010104421.0
007 cr uuu---uuuuu
008 241010s2006 xx |||||o 00| ||dut c
035 |a (DE-627)1905335474 
035 |a (DE-599)KXP1905335474 
040 |a DE-627  |b ger  |c DE-627  |e rda 
041 |a dut 
084 |a 1  |2 ssgn 
100 1 |e VerfasserIn  |0 (DE-588)124904378  |0 (DE-627)367534118  |0 (DE-576)294561242  |4 aut  |a Vos, Jacobus Cornelis de  |d 1966- 
109 |a Vos, Jacobus Cornelis de 1966-  |a Vos, J. C. de 1966-  |a Vos, Jacob Cornelis de 1966-  |a Vos, Cor de 1966-  |a De Vos, Jacobus Cornelis 1966-  |a Vos, J. Cornelis de 1966-  |a Vos, J.C. de 1966- 
245 1 0 |a Het land als ruimte voor de wet 
264 1 |c 2006 
336 |a Text  |b txt  |2 rdacontent 
337 |a Computermedien  |b c  |2 rdamedia 
338 |a Online-Ressource  |b cr  |2 rdacarrier 
773 0 8 |i Enthalten in  |t Schrift  |d Utrecht : Uitgeverij Kok, 1969  |g 38(2006), 4, Seite 108-111  |h Online-Ressource  |w (DE-627)102805534X  |w (DE-600)2937769-9  |w (DE-576)508153514  |7 nnas 
773 1 8 |g volume:38  |g year:2006  |g number:4  |g pages:108-111 
951 |a AR 
ELC |a 1 
LOK |0 000 xxxxxcx a22 zn 4500 
LOK |0 001 4590834332 
LOK |0 003 DE-627 
LOK |0 004 1905335474 
LOK |0 005 20241010104432 
LOK |0 008 241010||||||||||||||||ger||||||| 
LOK |0 040   |a DE-Tue135  |c DE-627  |d DE-Tue135 
LOK |0 092   |o n 
LOK |0 852   |a DE-Tue135 
LOK |0 852 1  |9 00 
LOK |0 866   |x #095 
LOK |0 866   |x Erfassung nach Autorenmeldung 
LOK |0 935   |a ixzs  |a ixzx 
LOK |0 939   |a 10-10-24  |b l01 
ORI |a SA-MARC-ixtheoa001.raw